| 000 | 00558nam a2200169Ia 4500 | ||
|---|---|---|---|
| 003 | GCL | ||
| 008 | 140319s9999 xx 000 0 ara d | ||
| 040 |
_aGCL / _cGCL |
||
| 082 | 0 | 4 |
_a430 _bو ت |
| 100 | 1 | _aوليد محمد | |
| 245 | 1 | 0 |
_aتعلم الالمانية فى خمسة ايام / _cوليد محمد |
| 260 |
_aالقاهرة : _bالمكتبة الاكاديمية ، _c0 |
||
| 300 |
_a143 ص ؛ _c20 سم |
||
| 650 | 0 | 4 | _aاللغة الالمانية |
| 650 | 0 | 4 | _aاللغة الالمانية - تعليم وتدريس |
| 942 |
_2ddc _cBK |
||
| 999 |
_c44558 _d44558 |
||